TEST YOUR WORD POWER (Record no. 358964)

MARC details
000 -LEADER
fixed length control field 003080000a22001330004500
005 - DATE AND TIME OF LATEST TRANSACTION
control field 20120302063237.0
040 ## - CATALOGING SOURCE
Original cataloging agency ENG
100 ## - MAIN ENTRY--PERSONAL NAME
Personal name BARTON, JOHN G.
245 ## - TITLE STATEMENT
Title TEST YOUR WORD POWER
260 ## - PUBLICATION, DISTRIBUTION, ETC. (IMPRINT)
Place of publication, distribution, etc LOLNDON : COX & WYMAN LTD.
300 ## - PHYSICAL DESCRIPTION
Extent 128 P.
650 ## - SUBJECT ADDED ENTRY--TOPICAL TERM
Topical term or geographic name as entry element ENGLISH LANGUAGE / WORDS
942 ## - ADDED ENTRY ELEMENTS (KOHA)
Koha item type Book
Holdings
Withdrawn status Lost status Damaged status Not for loan Home library Current library Date acquired Total Checkouts Barcode Date last seen Price effective from
        Institute For Oriental Study, Thane Institute For Oriental Study, Thane 12/02/2009   IOS-E 20015 12/02/2009 12/02/2009